Sciences CE2 / C3 (Record no. 7707)
[ view plain ]
| 000 -LEADER | |
|---|---|
| fixed length control field | 00519nam a2200157 4500 |
| 008 - FIXED-LENGTH DATA ELEMENTS--GENERAL INFORMATION | |
| fixed length control field | s2004 fr fre u |
| 040 ## - CATALOGING SOURCE | |
| Original cataloging agency | LB-BrCRDP |
| 082 1# - DEWEY DECIMAL CLASSIFICATION NUMBER | |
| Classification number | C. CE2/C3 |
| Item number | Gui |
| 100 1# - MAIN ENTRY--PERSONAL NAME | |
| Personal name | Guichard, Jack |
| 245 10 - TITLE STATEMENT | |
| Title | Sciences CE2 / C3 |
| Remainder of title | Carnet de chercheur (expériences et observations) |
| Statement of responsibility, etc. | Jack Guichard |
| 260 ## - PUBLICATION, DISTRIBUTION, ETC. | |
| Place of publication, distribution, etc. | Paris |
| Name of publisher, distributor, etc. | Hachette éducation |
| Date of publication, distribution, etc. | 2004 |
| 490 0# - SERIES STATEMENT | |
| Series statement | Les ateliers hachette |
| 630 4# - SUBJECT ADDED ENTRY--UNIFORM TITLE | |
| Uniform title | sciences expérimentales et technologie |
| 942 ## - ADDED ENTRY ELEMENTS (KOHA) | |
| Koha item type | Books |
| Withdrawn status | Lost status | Source of classification or shelving scheme | Damaged status | Not for loan | Home library | Current library | Shelving location | Date acquired | Source of acquisition | Cost, normal purchase price | Total Checkouts | Full call number | Barcode | Date last seen | Copy number | Price effective from | Koha item type |
|---|---|---|---|---|---|---|---|---|---|---|---|---|---|---|---|---|---|
| Dewey Decimal Classification | مكتبة دار المعلمين و المعلمات - بئر حسن | مكتبة دار المعلمين و المعلمات - بئر حسن | Salle de Lecture | 06/06/2006 | Ambassade de France | 0.00 | C. CE2/C3 Gui | CRB752 | 07/27/2016 | 1 | 07/27/2016 | Books |